000 01059nam0a22002891 4500
001 RU\INFOCOMM_322\NLR\5000081219
005 20250613102632.0
035 _a(NLR Aleph) 009449081
090 _a8394142
_c8394142
100 _a20121130d1971 |||y0rusy50 ca
101 0 _afre
102 _aRU
105 _ay z |||||
200 1 _aL'internationalisme aujourd'hui
_eRecueil d'articles
_f[Sous la rev. de Vladimir Polianski]
210 _aM.
_cÉd. de l'Agence de presse "Novosti"
_d1971
215 _a261 с.
_d16 см
300 _aВ вып. дан.: Пролетарский интернационализм на современном этапе
606 _aПролетарский интернационализм
_91218012
_3RU\NLR\AUTH\66176990
620 _aМосква
686 _aМ-Л7-67
_2rubbk
702 1 _9z01790
_aPoljanskij
_bV. I.
_gVladimir Ivanovič
_4340
790 1 _9z01702
_aPolianski
_bV.
_gVladimir
_4340
801 1 _aRU
_bNLR
_c20121130
801 0 _aRU
_bINFOCOMM
_gPSBO
852 _aNLR
_jД01 Д-1/43
942 _cBOOK
980 _aNB